Āpaṇā Saradāra. (Record no. 83512)

MARC details
000 -LEADER
fixed length control field 00570cam a22002171 4500
001 - CONTROL NUMBER
control field sa 68010752
003 - CONTROL NUMBER IDENTIFIER
control field DLC
005 - DATE AND TIME OF LATEST TRANSACTION
control field 20260227112554.0
008 - FIXED-LENGTH DATA ELEMENTS--GENERAL INFORMATION
fixed length control field 941108s1967 ii c 000 0 gujo
010 ## - LIBRARY OF CONGRESS CONTROL NUMBER
LC control number sa 68010752
025 ## - OVERSEAS ACQUISITION NUMBER
Overseas acquisition number PL480:I-Gu-1056
035 ## - SYSTEM CONTROL NUMBER
System control number (OCoLC)31426101
040 ## - CATALOGING SOURCE
Original cataloging agency DLC
Transcribing agency CU
Modifying agency CU
-- DLC
050 00 - LIBRARY OF CONGRESS CALL NUMBER
Classification number DS481.P35
Item number D45
100 1# - MAIN ENTRY--PERSONAL NAME
Personal name Desai, Ishwarlal Ichharam,
Dates associated with a name 1903-
245 10 - TITLE STATEMENT
Title Āpaṇā Saradāra.
260 ## - PUBLICATION, DISTRIBUTION, ETC.
Date of publication, distribution, etc. [1967]
300 ## - PHYSICAL DESCRIPTION
Extent 48 p.
Other physical details port.
Dimensions 19 cm.
546 ## - LANGUAGE NOTE
Language note In Gujarati.
600 10 - SUBJECT ADDED ENTRY--PERSONAL NAME
Personal name Patel, Vallabhbhai,
Dates associated with a name 1875-1950
General subdivision Anecdotes.

No items available.

Powered by Koha